| 000 | 00361nam a22001457a 4500 | ||
|---|---|---|---|
| 003 | MACL | ||
| 005 | 20190623155055.0 | ||
| 008 | 190623b xxu||||| |||| 00| 0 eng d | ||
| 040 | _c MACL | ||
| 100 |
_aNautiyal. B P _975518 |
||
| 245 | _aPrinciples of Plant Physiology | ||
| 260 |
_aNew Delhi _bMedtech _c2017 |
||
| 650 |
_aAgriculture _975519 |
||
| 942 |
_2ddc _cBK |
||
| 999 |
_c60245 _d60245 |
||